00217pam a2200097 a 4500020000500000041000800005100001700013245004700030260003200077300001000109 c aeng aJohnson.M.L. aA Dictionary Of BiologyhTextual Documents aNew YorkbPenguin Books Ltd a246p.